| 000 | 00700cam a2200181 i 4500 | ||
|---|---|---|---|
| 005 | 20260114124930.0 | ||
| 008 | 250721s2000 ua gr 000 0 ara d | ||
| 082 | 1 | 4 |
_a306.85/ _b ط ه |
| 100 | 1 |
_aطه، صابر أحمد _eمؤلف. |
|
| 240 | 1 | 0 | _aنظام الاسرة في اليهودية والنصرانية ولاسلام |
| 245 | 1 | 0 |
_aنظام الأسرة في اليهودية والنصرانية والاسلام. _cتاليف صابر احمد طة |
| 264 | 3 | 1 |
_aالقاهرة : _bنهضة نصر ، _c2000. |
| 300 | _a247 صفحة ، | ||
| 650 | 1 | 7 | _aالأسرة |
| 650 | 1 | 7 | _aقانون الأحوال الشخصية |
| 942 |
_2ddc _cBK |
||
| 999 |
_c80172 _d80172 |
||